000 00337nam a2200133Ia 4500
008 220214s9999 xx 000 0 und d
022 _a0037-8208
245 0 _aSocialist India
260 _bSocialist India
_aNew Delhi
310 _aW
500 _aEnding Volume & Year: 1976,
500 _aStarting Volume & Year: 1, 1970
942 _cBJ
999 _c5607
_d5607